| 000 | 00359nam a2200133 4500 | ||
|---|---|---|---|
| 005 | 20260530113903.0 | ||
| 100 | 1 |
_aAndre Hatalá _932503 |
|
| 245 | 1 | 0 | _aDesign et stategie de l'entreprise |
| 264 | 1 |
_bCentre Geoges Pompidou / Paris _c1979 |
|
| 300 | _a36 páginas | ||
| 336 |
_atexto _2rdacontent |
||
| 337 |
_asin medio _2rdamedia |
||
| 338 |
_avolumen _2rdacarrier |
||
| 999 |
_c11847 _d11847 |
||